[Event "Wch Seniors 50 32nd"]
[Site "Porto Santo"]
[Date "2024.11.27"]
[Round "10"]
[White "Eckert, Doug D"]
[Black "Giemsa, Stephan"]
[Result "1/2-1/2"]
[WhiteElo "2154"]
[BlackElo "2282"]
[PlyCount "118"]
[EventDate "2024.11.17"]
[EventType "swiss"]
[EventRounds "11"]
[EventCountry "POR"]
[SourceTitle "CB49_2024"]
[SourceDate "2024.12.04"]
[SourceVersion "1"]
[SourceVersionDate "2024.12.04"]
[SourceQuality "1"]

1. c4 e6 2. g3 d5 3. Nf3 Nf6 4. Bg2 Bd6 5. d4 h6 6. 0-0 0-0 7. Qc2 b6 8. Nbd2 Bb7 9. b3 c5 10. cxd5 exd5 11. Bb2 Nbd7 12. dxc5 bxc5 13. e3 Re8 14. Rfd1 Qb6 15. Rac1 a5 16. Ba1 a4 17. Nh4 axb3 18. axb3 Bf8 19. Nf5 Rac8 20. Qb2 Qe6 21. Nh4 Ne5 22. Qxe5 Qxe5 23. Bxe5 Rxe5 24. Ra1 Ree8 25. Ra7 Bc6 26. Rda1 Ra8 27. Nhf3 Bd6 28. Rxa8 Rxa8 29. Rxa8+ Bxa8 30. h3 Kf8 31. Kf1 Bc6 32. Ke1 Ke7 33. Bf1 Kd7 34. Kd1 Kc7 35. Kc2 Bd7 36. g4 g6 37. g5 hxg5 38. Nxg5 Be8 39. Bg2 Be7 40. f4 Kd6 41. e4 Nxe4 42. Ndxe4+ dxe4 43. Bxe4 f6 44. Nf3 Ke6 45. Kc3 f5 46. Bb7 Bb5 47. Bc8+ Kd6 48. Kd2 Bf6 49. h4 Bc6 50. Ke2 Bd5 51. h5 gxh5 52. Bxf5 Bxb3 53. Nd2 c4 54. Nxb3 cxb3 55. Bb1 Kc5 56. Kf3 Kd4 57. Kg2 Ke3 58. Kh1 Kxf4 59. Bh7 b2 1/2-1/2

[Event "Wch Seniors 50 32nd"]
[Site "Porto Santo"]
[Date "2024.11.24"]
[Round "7"]
[White "Bischoff, Klaus"]
[Black "Eckert, Doug D"]
[Result "1-0"]
[WhiteElo "2445"]
[BlackElo "2154"]
[PlyCount "85"]
[EventDate "2024.11.17"]
[EventType "swiss"]
[EventRounds "11"]
[EventCountry "POR"]
[SourceTitle "CB49_2024"]
[SourceDate "2024.12.04"]
[SourceVersion "1"]
[SourceVersionDate "2024.12.04"]
[SourceQuality "1"]

1. d4 d5 2. c4 e6 3. Nf3 Nf6 4. Nc3 a6 5. cxd5 exd5 6. Bf4 Bd6 7. Be5 c6 8. Qc2 Qe7 9. Bxf6 Qxf6 10. Nxd5 Qd8 11. Nc3 0-0 12. g3 Qa5 13. Bg2 Bf5 14. e4 Bg6 15. 0-0 h6 16. Qb3 Qb4 17. Qxb4 Bxb4 18. Ne5 Bh7 19. a3 Ba5 20. Nc4 Bc7 21. d5 b5 22. Ne3 Be5 23. Rfd1 Re8 24. Rac1 c5 25. b3 Nd7 26. a4 Bxc3 27. Rxc3 Bxe4 28. Bh3 Ne5 29. f4 Nf3+ 30. Kf2 Nd4 31. Rxc5 Nxb3 32. Rc3 bxa4 33. d6 g6 34. Bd7 Red8 35. Bxa4 Na5 36. Rd4 f5 37. Nd5 Rab8 38. Nf6+ Kf7 39. Nxe4 fxe4 40. d7 Nb7 41. Rc6 a5 42. Rd5 Ra8 43. Rc7 1-0

[Event "Wch Seniors 50 32nd"]
[Site "Porto Santo"]
[Date "2024.11.21"]
[Round "5"]
[White "Eckert, Doug D"]
[Black "Glek, Igor Vladimirovich"]
[Result "0-1"]
[WhiteElo "2154"]
[BlackElo "2417"]
[PlyCount "148"]
[EventDate "2024.11.17"]
[EventType "swiss"]
[EventRounds "11"]
[EventCountry "POR"]
[SourceTitle "CB49_2024"]
[SourceDate "2024.12.04"]
[SourceVersion "1"]
[SourceVersionDate "2024.12.04"]
[SourceQuality "1"]

1. c4 e5 2. Nc3 Bb4 3. Nd5 a5 4. Nf3 Nc6 5. a3 Be7 6. d3 f5 7. g3 Nf6 8. Bg2 0-0 9. 0-0 d6 10. b3 Nxd5 11. cxd5 Nb8 12. Bb2 c5 13. Nd2 Nd7 14. Qc2 b6 15. f4 exf4 16. gxf4 Nf6 17. a4 Ba6 18. Nc4 Bxc4 19. bxc4 Ng4 20. Rf3 Bf6 21. h3 Bxb2 22. Qxb2 Nf6 23. Rff1 Nh5 24. Qd2 Qf6 25. Rab1 Rab8 26. e3 Rb7 27. Kh2 g5 28. fxg5 Qxg5 29. Qf2 Qf6 30. Qb2 Qh6 31. Bf3 Nf6 32. Rg1+ Kf7 33. Rbe1 Re8 34. Qf2 Rbe7 35. Bd1 Rxe3 36. Rxe3 Qxe3 37. Qxf5 Qe5+ 38. Qxe5 Rxe5 39. Rf1 Re3 40. Bg4 Rxd3 41. Be6+ Kg7 42. Rb1 Ne4 43. Rxb6 Kf6 44. Bg8 Ke5 45. Bxh7 Rd2+ 46. Kg1 Ng5 47. Rb7 Nxh3+ 48. Kf1 Ng5 49. Bg6 Ra2 50. Be8 Ne4 51. Bb5 Kd4 52. Rd7 Ke3 53. Re7 Rf2+ 54. Kg1 Rf4 55. Kg2 Rg4+ 56. Kh3 Rg8 57. Kh4 Kd4 58. Rf7 Nd2 59. Rf6 Ne4 60. Rf7 Rg1 61. Kh5 Nc3 62. Rf4+ Ke5 63. Rf2 Nxb5 64. axb5 Kd4 65. Rf6 Kxc4 66. Rxd6 Kxb5 67. Rd8 a4 68. Rb8+ Kc4 69. d6 Rd1 70. Rb6 a3 71. Ra6 a2 72. Rxa2 Rxd6 73. Kg4 Kb3 74. Ra8 Rf6 0-1

[Event "Chesterfield SPICE Cup op 18th"]
[Site "Chesterfield"]
[Date "2024.10.13"]
[Round "1"]
[White "Eckert, Doug D"]
[Black "Nyzhnyk, Illya"]
[Result "0-1"]
[WhiteElo "2176"]
[BlackElo "2571"]
[PlyCount "78"]
[EventDate "2024.10.13"]
[EventType "swiss"]
[EventRounds "9"]
[EventCountry "USA"]
[SourceTitle "CB43_2024"]
[Source "Chessbase"]
[SourceDate "2024.10.23"]
[SourceVersion "1"]
[SourceVersionDate "2024.10.23"]
[SourceQuality "1"]

1. c4 Nf6 2. Nc3 g6 3. g3 Bg7 4. Bg2 0-0 5. d4 d6 6. h3 Nc6 7. Nf3 a6 8. 0-0 Rb8 9. e4 Nd7 10. Be3 b5 11. cxb5 axb5 12. Rc1 Na5 13. b3 b4 14. Na4 Ba6 15. Re1 Bb5 16. Nb2 c5 17. Qd2 Nc6 18. dxc5 Nxc5 19. Bh6 Bxh6 20. Qxh6 Ne6 21. Qd2 Qb6 22. Nc4 Bxc4 23. Rxc4 Ne5 24. Nxe5 dxe5 25. Qd5 Rfd8 26. Rc6 Qb7 27. Qc4 Ra8 28. Rxe6 Rdc8 29. Qd5 Qxd5 30. exd5 fxe6 31. Re2 Rc1+ 32. Kh2 Ra1 33. d6 R1xa2 34. Re1 R8a7 35. dxe7 Rxe7 36. Rxe5 Rf7 37. Kg1 Rfxf2 38. Bf1 Rf3 39. g4 Ra1 0-1

[Event "Charlotte Spring IMC 2024"]
[Site "Charlotte"]
[Date "2024.03.30"]
[Round "6"]
[White "Eckert, Doug D"]
[Black "Mendez Tovar, Jessica Yissel"]
[Result "1/2-1/2"]
[WhiteElo "2146"]
[BlackElo "1993"]
[PlyCount "46"]
[EventDate "2024.03.27"]
[EventType "tourn"]
[EventRounds "9"]
[EventCountry "USA"]
[SourceTitle "CBM 219 Extra"]
[Source "ChessBase"]
[SourceDate "2024.05.31"]
[SourceVersion "1"]
[SourceVersionDate "2024.05.31"]
[SourceQuality "1"]

1. c4 g6 2. g3 Bg7 3. Bg2 c5 4. Nf3 Nc6 5. Nc3 e5 6. 0-0 Nge7 7. a3 0-0 8. Ne1 d6 9. Nc2 Be6 10. Ne3 Rb8 11. Ned5 a6 12. a4 b6 13. d3 Qd7 14. Rb1 Bh3 15. Bh6 Bxg2 16. Kxg2 f5 17. Bxg7 Kxg7 18. e3 Nxd5 19. Nxd5 b5 20. axb5 axb5 21. b3 bxc4 22. bxc4 Rxb1 23. Qxb1 Rb8 1/2-1/2

[Event "Chesterfield SPICE Cup op"]
[Site "Chesterfield"]
[Date "2023.12.21"]
[Round "7"]
[White "Eckert, Doug D"]
[Black "Vemparala, Nikash"]
[Result "1-0"]
[WhiteElo "2123"]
[BlackElo "2192"]
[PlyCount "59"]
[EventDate "2023.12.17"]
[EventType "swiss"]
[EventRounds "9"]
[EventCountry "USA"]
[SourceTitle "CBM 217 Extra"]
[Source "ChessBase"]
[SourceDate "2024.01.31"]
[SourceVersion "1"]
[SourceVersionDate "2024.01.31"]
[SourceQuality "1"]

1. c4 e6 2. g3 d5 3. Nf3 Nf6 4. Bg2 Bd6 5. 0-0 0-0 6. d4 h6 7. Qc2 b6 8. Nc3 Bb7 9. cxd5 exd5 10. Nb5 Nc6 11. Nxd6 cxd6 12. Bd2 Re8 13. e3 Rc8 14. Qa4 Qd7 15. Rfc1 Qf5 16. Nh4 Qe6 17. Rc2 Ne4 18. Be1 Rc7 19. Rac1 Rec8 20. Bf1 a6 21. Qb3 b5 22. a4 Nf6 23. axb5 axb5 24. Bd3 Qe7 25. Qxb5 Nxd4 26. Rxc7 Nxb5 27. Rxe7 Rxc1 28. Rxb7 Rxe1+ 29. Kg2 g5 30. Rb8+ 1-0

[Event "Chesterfield SPICE Cup op"]
[Site "Chesterfield"]
[Date "2023.12.19"]
[Round "5"]
[White "Eckert, Doug D"]
[Black "Dhyana, Patel"]
[Result "1/2-1/2"]
[WhiteElo "2123"]
[BlackElo "2064"]
[PlyCount "90"]
[EventDate "2023.12.17"]
[EventType "swiss"]
[EventRounds "9"]
[EventCountry "USA"]
[SourceTitle "CBM 217 Extra"]
[Source "ChessBase"]
[SourceDate "2024.01.31"]
[SourceVersion "1"]
[SourceVersionDate "2024.01.31"]
[SourceQuality "1"]

1. c4 c5 2. Nf3 Nc6 3. g3 g6 4. Bg2 Bg7 5. Nc3 e6 6. d4 Nxd4 7. Nxd4 cxd4 8. Nb5 Qb6 9. e3 d5 10. Qb3 Bd7 11. Nxd4 dxc4 12. Qxb6 axb6 13. Bxb7 Ra7 14. Bg2 Ne7 15. Bd2 Bxd4 16. exd4 Bc6 17. 0-0 Kd7 18. Rfc1 Bxg2 19. Kxg2 Rc8 20. b3 Rac7 21. bxc4 Rxc4 22. Rxc4 Rxc4 23. a4 Rxd4 24. Be3 Rb4 25. a5 bxa5 26. Rxa5 Rb7 27. Ra8 Nd5 28. Kf3 Kd6 29. Ra6+ Ke5 30. Bh6 Rb3+ 31. Kg2 Rb7 32. Kf3 f5 33. h4 Rc7 34. Bf8 Rb7 35. Bh6 Rf7 36. Ra5 Kd4 37. Ra4+ Kd3 38. Ra3+ Kc4 39. Bf4 Rb7 40. Ra6 Rb3+ 41. Kg2 Nxf4+ 42. gxf4 Kd5 43. Ra7 Ke4 44. Ra4+ Kd3 45. Ra7 Ke4 1/2-1/2

[Event "Copenhagen Killer Chess op"]
[Site "Copenhagen"]
[Date "2023.10.14"]
[Round "1"]
[White "Arizmendi Martinez, Julen Luis"]
[Black "Eckert, Doug D"]
[Result "1-0"]
[WhiteElo "2515"]
[BlackElo "2116"]
[PlyCount "103"]
[EventDate "2023.10.14"]
[EventType "swiss"]
[EventRounds "9"]
[EventCountry "DEN"]
[SourceTitle "CBM 216 Extra"]
[Source "ChessBase"]
[SourceDate "2023.11.30"]
[SourceVersion "1"]
[SourceVersionDate "2023.11.30"]
[SourceQuality "1"]

1. Nf3 d5 2. d4 Nf6 3. c4 e6 4. Nc3 a6 5. c5 b6 6. cxb6 c5 7. Bf4 Qxb6 8. Na4 Qa7 9. Nxc5 Bxc5 10. dxc5 Qxc5 11. Rc1 Qb4+ 12. Qd2 Qxd2+ 13. Nxd2 0-0 14. e3 Bd7 15. Nb3 Bb5 16. Nd4 Bxf1 17. Rxf1 Nbd7 18. Bd6 Rfe8 19. Nc6 h6 20. f3 Kh7 21. Ke2 a5 22. a4 Ra6 23. Ba3 Nb6 24. Ne5 Ra7 25. b3 Kg8 26. Rc2 Rb7 27. Nc6 Ra8 28. Rfc1 Nbd7 29. Nd4 Rab8 30. Rc8+ Kh7 31. Rxb8 Nxb8 32. Nb5 Kg6 33. Rc8 Nfd7 34. Bb2 Na6 35. Bd4 Rb8 36. Rc6 Nb4 37. Rc7 Nf6 38. Bc3 Na6 39. Rc6 Nb4 40. Bxb4 axb4 41. Nc7 Kh7 42. a5 Ne8 43. a6 Nxc7 44. Rxc7 Kg6 45. a7 Ra8 46. Kd3 e5 47. e4 d4 48. Kc4 Rd8 49. Kd3 Kf6 50. Rb7 Ra8 51. Kc4 Ke6 52. Kxb4 1-0

[Event "Sunnyvale Silicon Valley Fall op"]
[Site "Sunnyvale"]
[Date "2023.09.02"]
[Round "4"]
[White "Eckert, Doug D"]
[Black "Amburgy, Ryan"]
[Result "1/2-1/2"]
[WhiteElo "2115"]
[BlackElo "2237"]
[PlyCount "86"]
[EventDate "2023.08.31"]
[EventType "swiss"]
[EventRounds "7"]
[EventCountry "USA"]
[SourceTitle "CBM 216 Extra"]
[Source "ChessBase"]
[SourceDate "2023.11.30"]
[SourceVersion "1"]
[SourceVersionDate "2023.11.30"]
[SourceQuality "1"]

1. c4 e6 2. g3 d5 3. Nf3 d4 4. e3 c5 5. exd4 cxd4 6. d3 Nc6 7. Bg2 Nf6 8. 0-0 Bc5 9. a3 a5 10. Bg5 h6 11. Bxf6 gxf6 12. Nbd2 h5 13. Ne4 Be7 14. c5 a4 15. b4 axb3 16. Qxb3 f5 17. Nd6+ Bxd6 18. cxd6 Qxd6 19. Nd2 Ke7 20. Bxc6 bxc6 21. Nc4 Rb8 22. Qc2 Qd5 23. Rfe1 Ba6 24. Ne5 c5 25. Rac1 Rbc8 26. Qd2 Rhg8 27. Qf4 Bb7 28. f3 f6 29. Nc4 Rg4 30. Nb6 Rxf4 31. Nxd5+ Bxd5 32. gxf4 Bxf3 33. Kf2 Bd5 34. Rg1 Kd6 35. Rg6 Rb8 36. Rc2 Rb3 37. Rd2 Ke7 38. Rg7+ Kd6 39. Rf7 Rxa3 40. Rxf6 Ra7 41. Rg6 h4 42. Rh6 Rg7 43. Rxh4 Rg2+ 1/2-1/2

[Event "Sunnyvale Silicon Valley Fall op"]
[Site "Sunnyvale"]
[Date "2023.09.02"]
[Round "5"]
[White "Macovei, Andrei"]
[Black "Eckert, Doug D"]
[Result "1-0"]
[WhiteElo "2438"]
[BlackElo "2115"]
[PlyCount "87"]
[EventDate "2023.08.31"]
[EventType "swiss"]
[EventRounds "7"]
[EventCountry "USA"]
[SourceTitle "CBM 216 Extra"]
[Source "ChessBase"]
[SourceDate "2023.11.30"]
[SourceVersion "1"]
[SourceVersionDate "2023.11.30"]
[SourceQuality "1"]

1. e4 e5 2. Nf3 Nc6 3. Bb5 a6 4. Ba4 Nf6 5. 0-0 b5 6. Bb3 Bc5 7. a4 Rb8 8. c3 d6 9. d4 Bb6 10. a5 Ba7 11. h3 0-0 12. Be3 Re8 13. Ng5 Rf8 14. Re1 h6 15. Nf3 Ra8 16. Nbd2 Bb7 17. Nf1 Re8 18. Ng3 exd4 19. cxd4 Ne7 20. d5 Bxe3 21. Rxe3 c6 22. dxc6 Bxc6 23. Nd4 Bb7 24. Qd2 d5 25. e5 Ne4 26. Nxe4 dxe4 27. Rd1 Bd5 28. Qe1 Bxb3 29. Nxb3 Qc7 30. Rxe4 Qc2 31. Nd4 Qxb2 32. e6 f5 33. Re2 Qa3 34. Re3 Qc5 35. Nb3 Qc6 36. Rc3 Qe4 37. Qxe4 fxe4 38. Rd7 Nf5 39. g4 Nh4 40. Rcc7 Rxe6 41. Rxg7+ Kh8 42. Rh7+ Kg8 43. Rcg7+ Kf8 44. Nc5 1-0

[Event "Sunnyvale Silicon Valley Fall op"]
[Site "Sunnyvale"]
[Date "2023.09.01"]
[Round "2"]
[White "Eckert, Doug D"]
[Black "Yu, Jiangwei"]
[Result "0-1"]
[WhiteElo "2115"]
[BlackElo "2333"]
[PlyCount "72"]
[EventDate "2023.08.31"]
[EventType "swiss"]
[EventRounds "7"]
[EventCountry "USA"]
[SourceTitle "CBM 216 Extra"]
[Source "ChessBase"]
[SourceDate "2023.11.30"]
[SourceVersion "1"]
[SourceVersionDate "2023.11.30"]
[SourceQuality "1"]

1. c4 e6 2. g3 d5 3. Nf3 Nf6 4. Bg2 dxc4 5. Qa4+ Bd7 6. Qxc4 c5 7. Ne5 Qc8 8. 0-0 Nc6 9. Nxd7 Qxd7 10. d3 Be7 11. Be3 Rc8 12. Qc1 Nd5 13. Bd2 Nd4 14. Qd1 0-0 15. Nc3 b5 16. e3 Nxc3 17. bxc3 Nc6 18. d4 e5 19. d5 Na5 20. e4 Nc4 21. Qe2 Nxd2 22. Qxd2 c4 23. f4 Bd6 24. fxe5 Bxe5 25. Rf5 Qd6 26. Raf1 g6 27. R5f3 Kg7 28. Bh3 Qc5+ 29. Kh1 Rb8 30. Qg5 f6 31. Qh4 b4 32. cxb4 Rxb4 33. Be6 c3 34. g4 Rxe4 35. Rh3 h5 36. Bf5 Qxd5 0-1

[Event "Washington op 10th"]
[Site "Rockville"]
[Date "2023.08.12"]
[Round "2"]
[White "Eckert, Doug D"]
[Black "Song, Edward"]
[Result "0-1"]
[WhiteElo "2090"]
[BlackElo "2373"]
[PlyCount "154"]
[EventDate "2023.08.12"]
[EventType "swiss"]
[EventRounds "9"]
[EventCountry "USA"]
[SourceTitle "CBM 215 Extra"]
[Source "ChessBase"]
[SourceDate "2023.09.30"]
[SourceVersion "1"]
[SourceVersionDate "2023.09.30"]
[SourceQuality "1"]

1. c4 e6 2. g3 d5 3. Nf3 dxc4 4. Bg2 a6 5. 0-0 Nf6 6. a4 Nc6 7. a5 Bb4 8. Ne5 Nxe5 9. Qa4+ Qd7 10. Qxb4 Qd6 11. Qa4+ Bd7 12. Qc2 Bc6 13. Bxc6+ Qxc6 14. Qc3 Qd5 15. Qa3 Nc6 16. Nc3 Qh5 17. Kg2 Nd5 18. f3 Qe5 19. Rf2 0-0-0 20. Qa4 Qd4 21. b3 Nxc3 22. dxc3 Qxc3 23. bxc4 Rd4 24. Qa2 Qxc4 25. Qb2 Qb4 26. e3 Qxb2 27. Bxb2 Rd5 28. Bxg7 Rg8 29. Bc3 Rd3 30. Bd2 Rgd8 31. Ra2 Ne5 32. Rc2 R8d6 33. g4 Rc6 34. Rxc6 Nxc6 35. Kg3 Rd5 36. e4 Rb5 37. g5 Nxa5 38. Kg4 Nc4 39. Bc1 Ne5+ 40. Kh5 Nd3 41. Rc2 Nxc1 42. Rxc1 Rb2 43. h4 Rh2 44. Rd1 a5 45. f4 a4 46. f5 b5 47. Kh6 Rxh4+ 48. Kg7 exf5 49. exf5 a3 50. Kxf7 b4 51. Ra1 Rh2 52. Kg7 a2 53. f6 b3 54. Rf1 Rf2 55. Rxf2 a1Q 56. Kg8 Qg1 57. Rf5 b2 58. f7 b1Q 59. f8Q+ Kb7 60. Qf7 Kc8 61. Qf8+ Kb7 62. Qf7 Qgb6 63. Kxh7 Qc5 64. Kg6 Qe4 65. Qb3+ Qb6+ 66. Qxb6+ cxb6 67. Kf6 Qh4 68. Kg7 Qh5 69. Rf7+ Kc6 70. g6 b5 71. Kf6 Qh4+ 72. Kf5 Kd6 73. Rf6+ Ke7 74. Rf7+ Ke8 75. Rb7 Qf2+ 76. Ke6 Qe3+ 77. Kd6 Qd4+ 0-1

[Event "Las Vegas 1000 GM op"]
[Site "Las Vegas"]
[Date "2023.06.10"]
[Round "4"]
[White "Tarjan, James Edward"]
[Black "Eckert, Doug D"]
[Result "1-0"]
[WhiteElo "2355"]
[BlackElo "2075"]
[PlyCount "85"]
[EventDate "2023.06.08"]
[EventType "swiss"]
[EventRounds "9"]
[EventCountry "USA"]
[SourceTitle "CBM 214 Extra"]
[Source "ChessBase"]
[SourceDate "2023.07.31"]
[SourceVersion "1"]
[SourceVersionDate "2023.07.31"]
[SourceQuality "1"]

1. c4 e5 2. Nc3 Nf6 3. g3 c6 4. Nf3 e4 5. Nd4 Qb6 6. Nb3 a5 7. d3 a4 8. Nd2 exd3 9. Bg2 Bb4 10. 0-0 Qa5 11. exd3 0-0 12. Nde4 Nxe4 13. Nxe4 d5 14. cxd5 cxd5 15. a3 Be7 16. Nc3 d4 17. Nd5 Bd6 18. Bd2 Qd8 19. Qh5 Be6 20. Be4 f5 21. Bg2 Nd7 22. Rae1 Nf6 23. Nxf6+ Qxf6 24. Bxb7 Rab8 25. Qf3 Bd7 26. Bc6 Bc8 27. Qd5+ Kh8 28. Bg5 Qxg5 29. Qxd6 Ba6 30. Be8 Rbxe8 31. Rxe8 Rxe8 32. Qxa6 f4 33. Qxa4 Qd8 34. Qc6 Rf8 35. Re1 h6 36. b4 f3 37. b5 Qa5 38. Re8 Rxe8 39. Qxe8+ Kh7 40. Qe4+ Kg8 41. Qxf3 Qxb5 42. Qa8+ Kf7 43. Qa7+ 1-0

[Event "Las Vegas 1000 GM op"]
[Site "Las Vegas"]
[Date "2023.06.08"]
[Round "1"]
[White "Eckert, Doug D"]
[Black "Derakhshani, Borna"]
[Result "0-1"]
[WhiteElo "2075"]
[BlackElo "2352"]
[PlyCount "74"]
[EventDate "2023.06.08"]
[EventType "swiss"]
[EventRounds "9"]
[EventCountry "USA"]
[SourceTitle "CBM 214 Extra"]
[Source "ChessBase"]
[SourceDate "2023.07.31"]
[SourceVersion "1"]
[SourceVersionDate "2023.07.31"]
[SourceQuality "1"]

1. c4 Nf6 2. g3 c6 3. Nf3 d5 4. Bg2 g6 5. 0-0 Bg7 6. b3 0-0 7. Bb2 a5 8. Nc3 Bf5 9. d3 Re8 10. cxd5 Nxd5 11. Na4 Bxb2 12. Nxb2 Nc7 13. Qd2 Nb5 14. h3 e5 15. e4 Bc8 16. Nc4 f6 17. Qe3 Na6 18. Rad1 c5 19. Qd2 Nb4 20. Qb2 Be6 21. Ne3 Qd7 22. a3 Nc6 23. Nd5 Bxd5 24. exd5 Ne7 25. b4 cxb4 26. axb4 a4 27. Nd2 Nxd5 28. Nc4 Rad8 29. Rc1 Nd4 30. Ne3 Nxe3 31. fxe3 Nf5 32. g4 Nxe3 33. Rxf6 Nxg2 34. Qxg2 Qd4+ 35. Kh2 e4 36. Qa2+ Kh8 37. Rcf1 exd3 0-1

[Event "Los Angeles 1000 GM Spring op"]
[Site "Los Angeles"]
[Date "2023.03.19"]
[Round "4"]
[White "Eckert, Doug D"]
[Black "Sathish, Pranav"]
[Result "1/2-1/2"]
[WhiteElo "2055"]
[BlackElo "2021"]
[PlyCount "77"]
[EventDate "2023.03.17"]
[EventType "swiss"]
[EventRounds "9"]
[EventCountry "USA"]
[SourceTitle "CBM 213 Extra"]
[Source "ChessBase"]
[SourceDate "2023.05.31"]
[SourceVersion "1"]
[SourceVersionDate "2023.05.31"]
[SourceQuality "1"]

1. d4 Nf6 2. c4 e6 3. Nc3 Bb4 4. Qc2 0-0 5. e4 d5 6. e5 Ne4 7. Bd3 c5 8. Nf3 cxd4 9. Nxd4 Nd7 10. Bf4 Ndc5 11. 0-0 Bxc3 12. bxc3 Bd7 13. Rad1 Rc8 14. cxd5 Ba4 15. Nb3 exd5 16. Rfe1 Qb6 17. Be3 Bxb3 18. axb3 Qxb3 19. Bxe4 dxe4 20. Qxb3 Nxb3 21. Bxa7 Rc4 22. Rd7 Rxc3 23. Rxb7 Na5 24. Rb5 Nc6 25. Be3 Re8 26. h3 h6 27. Bf4 Rc4 28. Kh2 Kh7 29. Rd1 g5 30. Bg3 h5 31. h4 gxh4 32. Bxh4 e3 33. Bf6 exf2 34. Rb2 Rf4 35. Rf1 Nxe5 36. Bxe5 Rh4+ 37. Kg3 Rg4+ 38. Kh2 Rxe5 39. Rbxf2 1/2-1/2

[Event "Titled Tuesday intern op 28th Feb Late"]
[Site "Chess.com INT"]
[Date "2023.02.28"]
[Round "5"]
[White "Eckert, Doug D"]
[Black "Poliakova, Varvara"]
[Result "0-1"]
[WhiteElo "2133"]
[BlackElo "1946"]
[PlyCount "114"]
[EventDate "2023.02.28"]
[EventType "swiss (blitz)"]
[EventRounds "11"]
[EventCountry "USA"]
[SourceTitle "CBM 213 Extra"]
[Source "ChessBase"]
[SourceDate "2023.05.31"]
[SourceVersion "1"]
[SourceVersionDate "2023.05.31"]
[SourceQuality "1"]

1. d4 f5 2. c4 d6 3. Nf3 Nf6 4. g3 g6 5. Bg2 Bg7 6. 0-0 0-0 7. Nc3 Nc6 8. d5 Ne5 9. Nxe5 dxe5 10. e4 e6 11. b3 exd5 12. exd5 e4 13. Be3 Ng4 14. Bd4 Ne5 15. Ne2 Qe7 16. Qc1 Nd3 17. Qc3 Bxd4 18. Qxd4 Qg7 19. Qxg7+ Kxg7 20. f3 exf3 21. Rxf3 Ne5 22. Re3 Kf6 23. Nd4 Bd7 24. Rae1 Rae8 25. Nf3 Ng4 26. Rxe8 Rxe8 27. Rxe8 Bxe8 28. h3 Ne3 29. Kf2 Nd1+ 30. Ke1 Nc3 31. a3 Ne4 32. g4 Ng5 33. Kf2 fxg4 34. hxg4 Nf7 35. Ke3 Bd7 36. Bh3 g5 37. Kd4 h5 38. Nh2 h4 39. Nf3 Nh6 40. Ne5 Bc8 41. c5 Ng8 42. b4 Ne7 43. b5 b6 44. cxb6 axb6 45. a4 Bb7 46. Bg2 h3 47. Bxh3 Bxd5 48. Bf1 Bb3 49. a5 bxa5 50. Bc4 Bd1 51. Nd7+ Kg7 52. Nc5 Bxg4 53. Na6 Bc8 54. Nxc7 g4 55. b6 g3 56. Nd5 g2 57. Nxe7 g1Q+ 0-1

[Event "Titled Tuesday intern op 28th Feb Late"]
[Site "Chess.com INT"]
[Date "2023.02.28"]
[Round "2"]
[White "Eckert, Doug D"]
[Black "Pranav, V."]
[Result "0-1"]
[WhiteElo "2133"]
[BlackElo "2545"]
[PlyCount "54"]
[EventDate "2023.02.28"]
[EventType "swiss (blitz)"]
[EventRounds "11"]
[EventCountry "USA"]
[SourceTitle "CBM 213 Extra"]
[Source "ChessBase"]
[SourceDate "2023.05.31"]
[SourceVersion "1"]
[SourceVersionDate "2023.05.31"]
[SourceQuality "1"]

1. d4 d5 2. c4 e6 3. Nc3 c5 4. cxd5 exd5 5. dxc5 Nf6 6. Nf3 Bxc5 7. Bg5 Be6 8. e3 0-0 9. Be2 Nc6 10. 0-0 Be7 11. Rc1 h6 12. Bh4 Rc8 13. Nd4 Nxd4 14. Qxd4 a6 15. Na4 Qa5 16. a3 Rfd8 17. h3 Rc4 18. Bxc4 dxc4 19. Qb6 Qxa4 20. Qxb7 Rd7 21. Qb8+ Kh7 22. Bg3 Ne4 23. Be5 Qc6 24. Rfd1 Rb7 25. Qa8 Nxf2 26. Kxf2 Rxb2+ 27. Ke1 Qxa8 0-1

[Event "Titled Tuesday intern op 28th Feb Late"]
[Site "Chess.com INT"]
[Date "2023.02.28"]
[Round "3"]
[White "Haszon, David"]
[Black "Eckert, Doug D"]
[Result "0-1"]
[WhiteElo "2291"]
[BlackElo "2133"]
[PlyCount "34"]
[EventDate "2023.02.28"]
[EventType "swiss (blitz)"]
[EventRounds "11"]
[EventCountry "USA"]
[SourceTitle "CBM 213 Extra"]
[Source "ChessBase"]
[SourceDate "2023.05.31"]
[SourceVersion "1"]
[SourceVersionDate "2023.05.31"]
[SourceQuality "1"]

1. d4 Nf6 2. Bf4 d5 3. e3 e6 4. Nf3 Bd6 5. Bg3 0-0 6. Bd3 c5 7. c3 Qc7 8. Nbd2 Nbd7 9. e4 dxe4 10. Nxe4 Nxe4 11. Bxe4 f5 12. dxc5 Bxg3 13. hxg3 fxe4 14. Ng5 Qxc5 15. Qd2 e3 16. Qxe3 Qxe3+ 17. fxe3 Nf6 0-1

[Event "Titled Tuesday intern op 21st Feb Late"]
[Site "Chess.com INT"]
[Date "2023.02.21"]
[Round "8"]
[White "Eckert, Doug D"]
[Black "Curtis, John"]
[Result "0-1"]
[WhiteElo "2133"]
[BlackElo "2292"]
[PlyCount "66"]
[EventDate "2023.02.21"]
[EventType "swiss (blitz)"]
[EventRounds "11"]
[EventCountry "USA"]
[SourceTitle "CBM 212 Extra"]
[Source "ChessBase"]
[SourceDate "2023.03.31"]
[SourceVersion "1"]
[SourceVersionDate "2023.03.31"]
[SourceQuality "1"]

1. d4 Nf6 2. c4 g6 3. Nc3 d6 4. e4 Bg7 5. h3 0-0 6. Be3 Nc6 7. d5 Ne5 8. f4 Ned7 9. Nf3 c6 10. Bd3 a5 11. 0-0 Qc7 12. Rc1 Re8 13. Qd2 e6 14. Bb1 exd5 15. cxd5 a4 16. dxc6 bxc6 17. Nb5 Qb8 18. Nxd6 Re6 19. e5 Nd5 20. Ng5 Nxe3 21. Nxe6 Nxf1 22. Rxf1 fxe6 23. a3 Ba6 24. Rc1 Nxe5 25. fxe5 Bxe5 26. Ne4 Qxb2 27. Qxb2 Bxb2 28. Rxc6 Bxa3 29. Ng5 Be7 30. Nxe6 Bb5 31. Rc7 Bd6 32. Rb7 Bc4 33. Nd4 a3 0-1